Personas y bienes

Gardado en:
Detalles Bibliográficos
Autor Principal: Barcia Lehmann, Rodrigo (Author)
Formato: Libro
Idioma:Lingua castelá
Publicado: Santiago Thomson Reuters Puntolex 2011
Series:Tratado de Jurisprudencia y Doctrina
Subjects:
Tags: Engadir etiqueta
Sen Etiquetas, Sexa o primeiro en etiquetar este rexistro!

MARC

LEADER 00000cam a2200000 a 4500
001 UCG8168
003 CL-VaPUC
008 111124e20110000CL |||||||||||||||||spa|d
020 |a 9789563370805o.c 
020 |a 9789563371031t.1 
020 |a 9789563371048t.2 
082 0 4 |a 346.8304  |b BAR  |2 21 
100 0 |a Barcia Lehmann, Rodrigo  |e author  |9 559071 
245 1 0 |a Personas y bienes 
300 |a t 
942 |c BK 
945 |d 20111124 00:00:00  |a dcastane 
260 |a Santiago  |b Thomson Reuters Puntolex  |c 2011 
500 |a Revista Fallos del Mes 
650 0 |a Derecho civil  |9 255013 
650 0 |a Código civil  |9 256135 
650 0 |a Bienes  |9 255749 
650 0 |a Derecho de propiedad  |9 256450 
583 |a last modification  |c 20111124 10:35:00  |k Rodrigo Vera 
490 0 |a Tratado de Jurisprudencia y Doctrina 
999 |c 345797  |d 345795 
952 |0 0  |1 0  |4 0  |6 346_830400000000000_BAR_2011  |7 0  |8 A  |9 446071  |a BIBDER  |b BIBDER  |d 2019-11-22  |h t.1  |i 4804589  |l 1  |o 346.8304 BAR 2011  |p 4804589  |r 2023-12-18  |s 2023-12-18  |w 2019-11-22  |y BK  |k DER 
952 |0 0  |1 0  |4 0  |6 346_830400000000000_BAR_2011  |7 0  |8 A  |9 446072  |a BIBDER  |b BIBDER  |d 2019-11-22  |h t.2  |i 4804619  |l 1  |o 346.8304 BAR 2011  |p 4804619  |r 2023-12-18  |s 2023-12-18  |w 2019-11-22  |y BK  |k DER